CPTPP Countries Quiz - Statistics

General Stats
  • This quiz has been taken 48 times
  • The average score is 10 of 12
Answer Stats
Members % Correct
Australia
97%
New Zealand
97%
Japan
93%
Canada
90%
Chile
90%
Mexico
90%
Peru
90%
Singapore
83%
Vietnam
83%
Malaysia
80%
Brunei
70%
United Kingdom
63%
No matching quizzes found
Score Distribution
Percent of People with Each Score
Percentile by Number Answered
Your Score History
You have not taken this quiz